000 00397nam a22001697a 4500
003 MPLRDC
005 20220104175053.0
008 210129b ||||| |||| 00| 0 eng d
082 _a524.9461 PPSB 1994
100 _a不详
245 _aBIOLOGI A DALAM SPM
_c
250 _a第一版
260 _a
_bPENERBITAN PELANGI
_c1994
300 _b
650 _a
942 _cBK
_o524.9461 PPSB 1994
999 _c60180
_d60170